| 000 | 00589nam a22001457a 4500 | ||
|---|---|---|---|
| 020 | _a978-0-00-729964-5 | ||
| 082 |
_a823 _bCHR/A |
||
| 100 | _aCHRISTIE, AGATHA | ||
| 245 | _aAPPOINMENT WITH DEATH | ||
| 260 |
_aLONDON _bHARPER COLLINS _c2001 |
||
| 300 | _a303 | ||
| 520 | _aAppointment with Death by Agatha Christie is the nineteenth Hercule Poirot mystery book. It takes the readers to the middle East where a baffling murder of matriarch of a family requires Hercule Poirot's “little grey cells” to solve this most ingenious mystery. | ||
| 650 |
_aNOVEL _zUNITED KINGDOM |
||
| 942 | _cBK | ||
| 999 |
_c2990 _d2990 |
||